[Event "Hastings Weekend op-A"]
[Site "Hastings"]
[Date "2024.01.06"]
[Round "3"]
[White "Steiners, Emils"]
[Black "Sterck, Arno"]
[Result "0-1"]
[WhiteElo "2021"]
[BlackElo "2259"]
[PlyCount "90"]
[EventDate "2024.01.06"]
[EventType "swiss"]
[EventRounds "5"]
[EventCountry "ENG"]
[SourceTitle "CB02_2024"]
[SourceDate "2024.01.10"]
[SourceVersion "1"]
[SourceVersionDate "2024.01.10"]
[SourceQuality "1"]

1. d4 d5 2. c4 c6 3. cxd5 cxd5 4. Nc3 Nf6 5. Bf4 Nc6 6. e3 a6 7. a3 Bf5 8. Bd3 Bxd3 9. Qxd3 e6 10. Nf3 Be7 11. 0-0 0-0 12. Rac1 Rc8 13. Na4 Nh5 14. Bg3 Nxg3 15. hxg3 Na5 16. Nc5 Nc4 17. b4 b6 18. Na4 Qd7 19. Qb3 Bd6 20. Nb2 b5 21. Nd3 a5 22. Nc5 Qe7 23. Rfd1 Ra8 24. Ra1 Ra7 25. Ra2 Rfa8 26. Rda1 h5 27. Ne1 g6 28. a4 axb4 29. Ned3 h4 30. g4 Qg5 31. axb5 Rxa2 32. Rxa2 Rxa2 33. Qxa2 Qxg4 34. Qc2 h3 35. Ne1 hxg2 36. Nxg2 Qh3 37. Nf4 Bxf4 38. exf4 Qg4+ 39. Kf1 Qxf4 40. Qd3 Kg7 41. Na4 b3 42. b6 Qc1+ 43. Kg2 b2 44. Nc3 Qxc3 45. Qxc3 b1Q 0-1

[Event "ENG Clubs"]
[Site "Hull"]
[Date "2023.10.21"]
[Round "3.1"]
[White "Stoyanov, Viktor"]
[Black "Sterck, Arno"]
[Result "1/2-1/2"]
[WhiteElo "2304"]
[BlackElo "2275"]
[PlyCount "29"]
[EventDate "2023.10.20"]
[EventType "team-tourn"]
[EventRounds "5"]
[EventCountry "ENG"]
[SourceTitle "Mega2024 Update 01"]
[Source "Chessbase"]
[SourceDate "2023.11.12"]
[SourceVersion "1"]
[SourceVersionDate "2023.11.12"]
[SourceQuality "1"]
[WhiteTeam "Warwick Univ"]
[BlackTeam "Heffalump Hunters"]
[WhiteTeamCountry "ENG"]
[BlackTeamCountry "ENG"]

1. d4 d5 2. c4 c6 3. Nf3 Nf6 4. Qc2 g6 5. cxd5 cxd5 6. Bf4 Nc6 7. Nc3 Bg7 8. e3 0-0 9. Be2 a6 10. h3 Bf5 11. Qb3 Ra7 12. 0-0 Na5 13. Qb4 Nc6 14. Qb3 Na5 15. Qb4 1/2-1/2

[Event "BEL-chT 2223"]
[Site "Belgium"]
[Date "2022.12.04"]
[Round "5.1"]
[White "Salles, Louis"]
[Black "Sterck, Arno"]
[Result "0-1"]
[WhiteElo "2297"]
[BlackElo "2220"]
[PlyCount "152"]
[EventDate "2022.09.25"]
[EventType "team-tourn"]
[EventRounds "11"]
[EventCountry "BEL"]
[SourceTitle "CBM 213 Extra"]
[Source "ChessBase"]
[SourceDate "2023.05.31"]
[SourceVersion "1"]
[SourceVersionDate "2023.05.31"]
[SourceQuality "1"]
[WhiteTeam "Liege Crelel"]
[BlackTeam "Wetteren"]
[WhiteTeamCountry "BEL"]
[BlackTeamCountry "BEL"]

1. e4 e5 2. Nf3 Nc6 3. d4 exd4 4. Nxd4 Bc5 5. Nxc6 bxc6 6. Bd3 d6 7. Qe2 Nf6 8. e5 dxe5 9. Qxe5+ Be7 10. 0-0 0-0 11. Nc3 Bd6 12. Qg5 Nd5 13. Qxd8 Rxd8 14. Bg5 f6 15. Nxd5 cxd5 16. Be3 c5 17. c4 Ba6 18. Rac1 Rab8 19. b3 d4 20. Bd2 Re8 21. Rfe1 Kf7 22. f4 g6 23. Be4 Bb7 24. Bxb7 Rxb7 25. Rxe8 Kxe8 26. Kf2 Re7 27. Re1 Rxe1 28. Kxe1 f5 29. Ke2 Kd7 30. Kd3 Kc6 31. a3 a5 32. Bxa5 Bxf4 33. h3 Bc1 34. a4 Ba3 35. Bd2 Kb6 36. Kc2 f4 37. Bxf4 Bb4 38. Bg5 Be1 39. Bd8+ Ka6 40. Kd3 Bb4 41. Be7 Kb6 42. Ke4 Kc6 43. g4 Kd7 44. Bg5 Kc6 45. h4 Be1 46. h5 gxh5 47. gxh5 Bc3 48. Bc1 Kb6 49. Ba3 Kc6 50. Bc1 Kb6 51. Bg5 Kc6 52. Kd3 Kb6 53. Be7 Kc6 54. Ke4 Bb4 55. Bf6 Kb6 56. Bg5 Kc6 57. h6 Bc3 58. Bf4 Kb6 59. Bd6 Kc6 60. Be7 Bb4 61. Bg5 Bc3 62. Bf6 Bb4 63. Be5 Kb6 64. Bf4 Bc3 65. Kd3 Kc6 66. Bd2 Bxd2 67. Kxd2 Kb6 68. Kc2 Ka5 69. Kc1 Kb4 70. Kb2 Ka5 71. Ka3 Kb6 72. b4 d3 73. bxc5+ Kxc5 74. Kb3 Kd4 75. c5 Ke3 76. c6 d2 0-1

[Event "BEL-chT 2122"]
[Site "Belgium"]
[Date "2021.12.05"]
[Round "3.7"]
[White "Sterck, Arno"]
[Black "Peeren, Yen"]
[Result "0-1"]
[WhiteElo "2262"]
[BlackElo "2152"]
[PlyCount "70"]
[EventDate "2021.10.24"]
[EventType "team-tourn"]
[EventRounds "11"]
[EventCountry "BEL"]
[SourceTitle "EXT 2023"]
[Source "ChessBase"]
[SourceDate "2022.10.05"]
[SourceVersion "1"]
[SourceVersionDate "2022.10.05"]
[SourceQuality "1"]
[WhiteTeam "KBSK Brugge"]
[BlackTeam "Oostende"]
[WhiteTeamCountry "BEL"]
[BlackTeamCountry "BEL"]

1. Nf3 g6 2. e4 Bg7 3. d4 d6 4. Bc4 Nf6 5. Qe2 0-0 6. h3 c6 7. Bb3 e5 8. dxe5 dxe5 9. 0-0 Qe7 10. Rd1 Nbd7 11. c3 Nc5 12. Bc2 Nh5 13. b4 Ne6 14. g3 h6 15. Kh2 Ng5 16. Nxg5 hxg5 17. Be3 b6 18. Bb3 Bf6 19. a4 Kg7 20. Kg2 Rh8 21. Rh1 Rh7 22. a5 Rb8 23. f3 Bd7 24. Nd2 Rbh8 25. axb6 Bxh3+ 26. Kf2 Nf4 27. Rxa7 Nxe2 28. Rxe7 Bxe7 29. Kxe2 Bc8 30. Ra1 Rh2+ 31. Bf2 Bd8 32. Nf1 Bxb6 33. Ne3 Rxf2+ 34. Kxf2 Rh2+ 35. Kg1 Re2 0-1

[Event "Geraardsbergen op 36th"]
[Site "Geraardsbergen"]
[Date "2021.08.12"]
[Round "9"]
[White "Sterck, Arno"]
[Black "Huesmann, Thomas"]
[Result "1-0"]
[WhiteElo "2250"]
[BlackElo "2132"]
[PlyCount "115"]
[EventDate "2021.08.08"]
[EventType "swiss"]
[EventRounds "9"]
[EventCountry "BEL"]
[SourceTitle "CBM 203 Extra"]
[Source "ChessBase"]
[SourceDate "2021.09.30"]
[SourceVersion "1"]
[SourceVersionDate "2021.09.30"]
[SourceQuality "1"]

1. e4 e5 2. Nf3 Nc6 3. Bc4 Be7 4. d4 d6 5. h3 exd4 6. Nxd4 Bf6 7. Nxc6 bxc6 8. Qf3 Ne7 9. e5 dxe5 10. Nc3 0-0 11. 0-0 Bf5 12. Rd1 Qc8 13. Bb3 Bg6 14. g4 Nd5 15. Nxd5 cxd5 16. Rxd5 e4 17. Qg3 c6 18. Rd6 Re8 19. Rxf6 gxf6 20. h4 e3 21. Bxe3 Re4 22. Bf4 Qe8 23. f3 Re2 24. h5 Bxc2 25. g5 Kh8 26. Bc4 Qe7 27. Bxe2 Qxe2 28. Re1 Qb5 29. gxf6 Qc5+ 30. Kg2 Qf8 31. Be5 Bf5 32. Qg7+ Qxg7+ 33. fxg7+ Kg8 34. Bf6 Be6 35. a3 a5 36. h6 a4 37. Re4 Bd5 38. Re7 Be6 39. Kg3 Bd5 40. Kf4 Be6 41. Rb7 Bb3 42. Rc7 Bd5 43. Kg3 Re8 44. Ra7 Bb3 45. Be7 Rc8 46. Kf4 Bd1 47. Bc5 Bc2 48. Ke5 Bd1 49. f4 Bc2 50. Kd6 Bd1 51. Ra6 Bc2 52. Ra7 Bb3 53. Bb6 Bc2 54. Bc7 Bd1 55. Ra5 Bc2 56. f5 c5 57. Rxc5 Bd3 58. Ra5 1-0

[Event "Geraardsbergen op 36th"]
[Site "Geraardsbergen"]
[Date "2021.08.11"]
[Round "8"]
[White "Van Baar, Esper"]
[Black "Sterck, Arno"]
[Result "1/2-1/2"]
[WhiteElo "2253"]
[BlackElo "2250"]
[PlyCount "131"]
[EventDate "2021.08.08"]
[EventType "swiss"]
[EventRounds "9"]
[EventCountry "BEL"]
[SourceTitle "CBM 203 Extra"]
[Source "ChessBase"]
[SourceDate "2021.09.30"]
[SourceVersion "1"]
[SourceVersionDate "2021.09.30"]
[SourceQuality "1"]

1. e4 e5 2. Nf3 Nc6 3. Bb5 a6 4. Ba4 Nf6 5. 0-0 Be7 6. Re1 b5 7. Bb3 0-0 8. Nc3 d6 9. a4 Rb8 10. axb5 axb5 11. d3 Bg4 12. Be3 Qd7 13. Nd5 Nxd5 14. Bxd5 Bf6 15. c3 Ne7 16. Bb3 Ra8 17. Rxa8 Rxa8 18. h3 Be6 19. d4 Bxb3 20. Qxb3 Ng6 21. d5 h6 22. Rc1 Ra4 23. c4 bxc4 24. Rxc4 Rxc4 25. Qxc4 Nh4 26. Nxh4 Bxh4 27. Qa6 Bd8 28. b4 Kf8 29. b5 Ke8 30. Qb7 Ke7 31. g4 h5 32. f3 Ke8 33. Kf1 h4 34. Ke2 g5 35. Kd3 Qe7 36. Qc6+ Qd7 37. Kc4 Be7 38. b6 cxb6 39. Kb5 f6 40. Bxb6 Bf8 41. Ka6 Be7 42. Ba5 Bf8 43. Qa8+ Kf7 44. Qd8 Qa4 45. Qc7+ Be7 46. Qc8 Qb3 47. Qe6+ Kf8 48. Qc8+ Kf7 49. Qe6+ Kf8 50. Bc7 Qc4+ 51. Kb7 Qb5+ 52. Bb6 Qa4 53. Qc8+ Kf7 54. Qc6 Qa3 55. Qd7 Qxf3 56. Qe6+ Kf8 57. Kc7 Qxe4 58. Kd7 Qa4+ 59. Kc7 Qc4+ 60. Kd7 Qb5+ 61. Kc7 Qe8 62. Kb7 Qf7 63. Qc8+ Kg7 64. Kc6 f5 65. gxf5 g4 66. f6+ 1/2-1/2

[Event "Geraardsbergen op 36th"]
[Site "Geraardsbergen"]
[Date "2021.08.09"]
[Round "3"]
[White "Sterck, Arno"]
[Black "Vreugdenhil, Frans"]
[Result "1-0"]
[WhiteElo "2250"]
[BlackElo "1978"]
[PlyCount "47"]
[EventDate "2021.08.08"]
[EventType "swiss"]
[EventRounds "9"]
[EventCountry "BEL"]
[SourceTitle "CBM 203 Extra"]
[Source "ChessBase"]
[SourceDate "2021.09.30"]
[SourceVersion "1"]
[SourceVersionDate "2021.09.30"]
[SourceQuality "1"]

1. Nf3 d5 2. e3 Nf6 3. c4 c6 4. Nc3 Bf5 5. cxd5 Nxd5 6. d4 e6 7. Bc4 Be7 8. 0-0 0-0 9. Re1 Bg4 10. h3 Bh5 11. Be2 Nd7 12. e4 Nxc3 13. bxc3 c5 14. d5 exd5 15. Qxd5 Bxf3 16. Bxf3 Qc7 17. e5 Rab8 18. Bf4 Nb6 19. Qe4 Nc8 20. Rad1 b5 21. e6 Bd6 22. exf7+ Kh8 23. Qe8 h6 24. Qxf8+ 1-0

[Event "Belgrade Serbia op"]
[Site "Belgrade"]
[Date "2021.07.04"]
[Round "4"]
[White "Demchenko, Svitlana"]
[Black "Sterck, Arno"]
[Result "1/2-1/2"]
[WhiteElo "2089"]
[BlackElo "2319"]
[PlyCount "43"]
[EventDate "2021.07.02"]
[EventType "swiss"]
[EventRounds "9"]
[EventCountry "SRB"]
[SourceTitle "CBM 203 Extra"]
[Source "ChessBase"]
[SourceDate "2021.09.30"]
[SourceVersion "1"]
[SourceVersionDate "2021.09.30"]
[SourceQuality "1"]

1. e4 e5 2. Nf3 Nc6 3. d4 exd4 4. Nxd4 Nf6 5. Nxc6 bxc6 6. e5 Qe7 7. Qe2 Nd5 8. c4 Ba6 9. b3 g6 10. f4 Bg7 11. Qf2 Nb6 12. Ba3 Qe6 13. c5 Bxf1 14. cxb6 Ba6 15. bxc7 Bf8 16. Bxf8 Kxf8 17. Nc3 d5 18. Na4 Qe7 19. Qd4 Qh4+ 20. Qf2 Qe7 21. Qd4 Qh4+ 22. Qf2 1/2-1/2

[Event "Veliko Gradiste Silver Lake op-A"]
[Site "Veliko Gradiste"]
[Date "2021.06.27"]
[Round "6"]
[White "Strikovic, Aleksa"]
[Black "Sterck, Arno"]
[Result "1-0"]
[WhiteElo "2469"]
[BlackElo "2319"]
[PlyCount "61"]
[EventDate "2021.06.23"]
[EventType "swiss"]
[EventRounds "9"]
[EventCountry "SRB"]
[SourceTitle "CBM 203 Extra"]
[Source "ChessBase"]
[SourceDate "2021.09.30"]
[SourceVersion "1"]
[SourceVersionDate "2021.09.30"]
[SourceQuality "1"]

1. c4 c6 2. Qa4 e5 3. Nc3 Nf6 4. Nf3 d6 5. d4 exd4 6. Nxd4 g6 7. g3 Bg7 8. Bg2 Ng4 9. e3 0-0 10. 0-0 Na6 11. Qd1 Nc5 12. Qe2 a5 13. Rd1 Ne6 14. Nc2 a4 15. Qxg4 Nd4 16. Qxd4 Bxd4 17. Nxd4 Be6 18. c5 d5 19. e4 Qa5 20. exd5 cxd5 21. c6 bxc6 22. Nxc6 Qc5 23. Nd4 a3 24. Ncb5 Bd7 25. Nxa3 Rxa3 26. bxa3 Bg4 27. Rd2 Qc3 28. Nb3 Re8 29. Bb2 Qc4 30. Bxd5 Qb5 31. Rc1 1-0

[Event "BEL-ch"]
[Site "Bruges"]
[Date "2020.08.23"]
[Round "9"]
[White "Dgebuadze, Alexandre"]
[Black "Sterck, Arno"]
[Result "1/2-1/2"]
[WhiteElo "2482"]
[BlackElo "2259"]
[PlyCount "62"]
[EventDate "2020.08.15"]
[EventType "tourn"]
[EventRounds "9"]
[EventCountry "BEL"]
[EventCategory "6"]
[SourceTitle "CBM 197 Extra"]
[Source "ChessBase"]
[SourceDate "2020.09.30"]
[SourceVersion "1"]
[SourceVersionDate "2020.09.30"]
[SourceQuality "1"]

1. c4 e6 2. Nf3 Nf6 3. e3 d5 4. b3 c5 5. Bb2 Nc6 6. cxd5 exd5 7. Bb5 Bd6 8. Nc3 0-0 9. Bxc6 bxc6 10. Qc2 Bg4 11. Na4 Qe7 12. h3 Bh5 13. Nh4 Bg6 14. Nf5 Bxf5 15. Qxf5 Ne4 16. d3 Ng5 17. 0-0 Ne6 18. Rac1 Rac8 19. Be5 f6 20. Bxd6 Qxd6 21. Rfe1 g6 22. Qf3 f5 23. Qg3 f4 24. exf4 Rce8 25. f5 Nf4 26. Kh1 Rxe1+ 27. Rxe1 Rxf5 28. Re8+ Kf7 29. Re1 Kg8 30. Re8+ Kf7 31. Re1 Kg8 1/2-1/2

[Event "Leuven op"]
[Site "Leuven"]
[Date "2019.11.08"]
[Round "1"]
[White "Ding, Dao En"]
[Black "Sterck, Arno"]
[Result "0-1"]
[WhiteElo "1731"]
[BlackElo "2277"]
[PlyCount "76"]
[EventDate "2019.11.08"]
[EventType "swiss"]
[EventRounds "7"]
[EventCountry "BEL"]
[SourceTitle "CBM 193 Extra"]
[Source "ChessBase"]
[SourceDate "2020.01.31"]
[SourceVersion "1"]
[SourceVersionDate "2020.01.31"]
[SourceQuality "1"]

1. d4 d5 2. Nf3 Nf6 3. Bf4 c5 4. e3 e6 5. c3 Bd6 6. Bg3 Qc7 7. Nbd2 Nbd7 8. Bd3 0-0 9. Bxd6 Qxd6 10. 0-0 e5 11. dxe5 Nxe5 12. Nxe5 Qxe5 13. Nf3 Qe7 14. h3 Bd7 15. Qe2 Rfe8 16. Rfd1 Ba4 17. Bc2 Bc6 18. a4 Rad8 19. Rab1 a5 20. b3 Ne4 21. Bxe4 dxe4 22. Rxd8 Rxd8 23. Nd2 Rd3 24. Nc4 Qc7 25. Rd1 Rxc3 26. Qb2 Rd3 27. Rxd3 exd3 28. Qd2 Qd8 29. Nxa5 Be4 30. f3 b6 31. Nc4 Bb7 32. Kf1 Ba6 33. Kg1 h6 34. Kf1 Qd5 35. e4 Qd4 36. Nxb6 Qb4 37. Nc4 Bxc4 38. Qxb4 cxb4 0-1

[Event "Wch U20 58th"]
[Site "New Delhi"]
[Date "2019.10.23"]
[Round "9"]
[White "Sterck, Arno"]
[Black "Doluweera, Minul Sanjula"]
[Result "1/2-1/2"]
[WhiteElo "2331"]
[BlackElo "2191"]
[PlyCount "93"]
[EventDate "2019.10.15"]
[EventType "swiss"]
[EventRounds "11"]
[EventCountry "IND"]
[SourceTitle "CBM 192 Extra"]
[Source "Chessbase"]
[SourceDate "2019.11.06"]
[SourceVersion "1"]
[SourceVersionDate "2019.11.06"]
[SourceQuality "1"]

1. Nf3 Nf6 2. e3 c5 3. d4 g6 4. d5 Bg7 5. c4 e6 6. Nc3 exd5 7. cxd5 d6 8. Be2 0-0 9. 0-0 Na6 10. Nd2 Nc7 11. e4 Rb8 12. a4 b6 13. Nc4 Re8 14. f3 Ba6 15. Na3 Bxe2 16. Nxe2 a6 17. Nc4 b5 18. Na5 Ra8 19. Nc6 Qc8 20. Bf4 Bf8 21. Ng3 Nd7 22. b3 bxa4 23. bxa4 a5 24. Qd2 Qa6 25. Bh6 Bxh6 26. Qxh6 Qd3 27. Rae1 Ne5 28. Nxe5 Qd4+ 29. Kh1 Qxe5 30. f4 Qg7 31. Qh4 f6 32. Rf3 Kh8 33. Ref1 Rab8 34. f5 g5 35. Qh5 Kg8 36. h4 h6 37. hxg5 hxg5 38. Qg6 Rf8 39. Qh5 Qh7 40. Qxh7+ Kxh7 41. Nh5 Rb4 42. Rh3 Kg8 43. Ng3 Kg7 44. Nh5+ Kg8 45. Ng3 Kg7 46. Nh5+ Kg8 47. Ng3 1/2-1/2